The Emptiness Machine Lyrics - Statistics

General Stats
  • This quiz has been taken 16 times
  • The average score is 17 of 21
Answer Stats
Lyrics % Correct
Flashing your favorite {point} {of} {view}
100%
Gave up {who} {I} {am} for who you wanted me to be
100%
I let you {cut} {me} {open} just to watch me bleed
100%
Just like you {always} do
100%
Falling for the promise of {the} {emptiness} {machine}
92%
I know you're waiting {in} {the} {distance}
92%
{The} {emptiness} {machine}
92%
Already {pulling} {me} {in}
85%
Already {under} {my} {skin}
85%
And I know exactly {how} {this} {ends}
85%
Going around like a {revolver}
85%
It's been {decided} how we lose
85%
I keep on {lying} to
77%
I only wanted to be {part}
77%
I only wanted to be {part} of
77%
I only wanted to be {part} of, {part} of
77%
I only wanted to be {part} of something
77%
Your blades are {sharpened} with precision
77%
'Cause there's a fire {under} {the} {altar}
69%
Don't know why I'm hoping for what I {won}'{t} {receive}
62%
Don't know why I'm hoping, so fucking {naive}
54%
No matching quizzes found
Score Distribution
Percent of People with Each Score
Percentile by Number Answered
Your Score History
You have not taken this quiz